Culture Générale - Série 575 - Statistiques

Statistiques générales
  • Ce quiz a été pris 202 fois
  • Le résultat moyen est 4 sur 10
Statistiques - réponses
Question Réponse % Correct
A quelle partie du vêtement, le nom de Mao est-il généralement associé ? col
91%
Quel nom de petit instrument à percussion, formé de deux pièces reliées par un cordon, est emprunté au mot "châtaigne", en espagnol ? castagnettes
74%
Quel programme télévisé a révélé les chanteuses Jenifer, Nolwenn Leroy et Elodie Frégé ? Star Academy
74%
Face à quel tennisman Mats Wilander s'est-il incliné en finale de Roland-Garros en 1983 ? Yannick Noah
72%
A combien de bouteilles champenoises ordinaires, correspond la contenance d'un nabuchodonosor ? 20
57%
Quelle personnalité politique afro-américaine a été assassinée à New York le 21 février 1965 ? Malcolm X
43%
En 1952, qui interprète "Fanfan la Tulipe" sous la direction de Christian-Jaque ? Gérard Philipe
24%
Complétez ce proverbe : "La caque sent toujours... le hareng
6%
La caque est un mot d'origine néerlandaise, mais à quoi correspond-il ? tonneau
5%
Quel homme politique a été président de la République algérienne de 1979 à 1992 ? Chadli
3%
Aucun quiz correspondant
Distribution des résultats
% des personnes avec chaque résultat
Percentile par nombre de réponses
Votre historique - résultats
Vous n’avez pas pris ce quiz